Complex variables and applications (Record no. 3507)

000 -LEADER
fixed length control field 00586nam a22002297a 4500
001 - CONTROL NUMBER
control field 3507
003 - CONTROL NUMBER IDENTIFIER
control field BD-DhUET
008 - FIXED-LENGTH DATA ELEMENTS--GENERAL INFORMATION
fixed length control field 141101b xxu||||| |||| 00| 0 eng d
020 ## - INTERNATIONAL STANDARD BOOK NUMBER
International Standard Book Number 0070108552
040 ## - CATALOGING SOURCE
Transcribing agency 0
Modifying agency BD-DhUET
082 ## - DEWEY DECIMAL CLASSIFICATION NUMBER
Classification number 517.8
Item number CHU/1974
100 ## - MAIN ENTRY--PERSONAL NAME
Personal name Churchill, Ruel V.
245 ## - TITLE STATEMENT
Title Complex variables and applications
250 ## - EDITION STATEMENT
Edition statement 3rd ed.
260 ## - PUBLICATION, DISTRIBUTION, ETC. (IMPRINT)
Place of publication, distribution, etc. New York
Name of publisher, distributor, etc. McGraw-Hill
Date of publication, distribution, etc. 1974
300 ## - PHYSICAL DESCRIPTION
Extent x, 332 p.
Other physical details ill.
Dimensions 23 cm.
504 ## - BIBLIOGRAPHY, ETC. NOTE
Bibliography, etc Includes bibliographies
650 #0 - SUBJECT ADDED ENTRY--TOPICAL TERM
Topical term or geographic name as entry element Complex variables
700 ## - ADDED ENTRY--PERSONAL NAME
Personal name Brown, James W.
700 ## - ADDED ENTRY--PERSONAL NAME
Personal name Verhey, Roger F.
942 ## - ADDED ENTRY ELEMENTS (KOHA)
Koha item type General Book
Holdings
Date acquired Damaged status Sublocation or collection (holding branch) Price effective from Shelving location Source of classification or shelving scheme Location (home branch) Koha date last borrowed Koha normalized classification for sorting Not for loan Koha full call number Withdrawn status Lost status Copy number Koha renewals Koha item type Piece designation (barcode) Koha date last seen
2014-11-01 Central Library, BUET2014-11-01Circulation section Central Library, BUET 517_800000000000000_CHU_1974 517.8/CHU/1974  1 General Book394112014-11-01
2014-11-01 Central Library, BUET2014-11-01Circulation section Central Library, BUET 517_800000000000000_CHU_1974 517.8/CHU/1974  2 General Book433012014-11-01
2014-11-01 Central Library, BUET2014-11-01Circulation section Central Library, BUET 517_800000000000000_CHU_1974 517.8/CHU/1974  3 General Book451092014-11-01
2014-11-01 Central Library, BUET2014-11-01Circulation section Central Library, BUET 517_800000000000000_CHU_1974 517.8/CHU/1974  4 General Book528892016-05-18
2014-11-17 Central Library, BUET2014-11-17Circulation section Central Library, BUET 517_800000000000000_CHU_1974 517.8/CHU/1974  5 General Book376552016-04-02
2014-11-17 Central Library, BUET2014-11-17Circulation section Central Library, BUET 517_800000000000000_CHU_1974 517.8/CHU/1974  62General Book580322016-08-30
2015-05-03 Central Library, BUET2015-05-03Circulation section Central Library, BUET0000-00-00517_800000000000000_CHU_1974 517.8/CHU/1974  7 General Book528872015-05-03
2015-05-03 Central Library, BUET2015-05-03Circulation section Central Library, BUET 517_800000000000000_CHU_1974 517.8/CHU/1974  8 General Book376542015-05-03
2015-05-04 Central Library, BUET2015-05-04Circulation section Central Library, BUET 517_800000000000000_CHU_1974 517.8/CHU/1974  9 General Book394122015-05-04
2015-05-20 Central Library, BUET2015-05-20Circulation section Central Library, BUET 517_800000000000000_CHU_1974 517.8/CHU/1974  10 General Book580332015-05-20
2015-06-13 Central Library, BUET2015-06-13Reading section Central Library, BUET 517_800000000000000_CHU_1974 517.8/CHU/1974  11 Reading Item245352015-06-13
2015-07-13 Central Library, BUET2015-07-13Circulation section Central Library, BUET 517_800000000000000_CHU_1974 517.8/CHU/1974  12 General Book433042015-07-13